Union agreements in the canned fruit and vegetable industry. (Record no. 36474)

MARC details
000 -LEADER
fixed length control field 01085cam a22002531 4500
001 - CONTROL NUMBER
control field l 44000198
003 - CONTROL NUMBER IDENTIFIER
control field DLC
005 - DATE AND TIME OF LATEST TRANSACTION
control field 20260227111539.0
008 - FIXED-LENGTH DATA ELEMENTS--GENERAL INFORMATION
fixed length control field 810806s1944 dcu f000 0 eng c
010 ## - LIBRARY OF CONGRESS CONTROL NUMBER
LC control number l 44000198
035 ## - SYSTEM CONTROL NUMBER
System control number (OCoLC)7647621
040 ## - CATALOGING SOURCE
Original cataloging agency U.S. Dept. of Labor. Libr.
Transcribing agency ViBlbV
Modifying agency ViBlbV
-- DLC
042 ## - AUTHENTICATION CODE
Authentication code premarc
050 00 - LIBRARY OF CONGRESS CALL NUMBER
Classification number HD8051
Item number .A62 no. 794
082 ## - DEWEY DECIMAL CLASSIFICATION NUMBER
Classification number 331.881648
100 1# - MAIN ENTRY--PERSONAL NAME
Personal name Zander, Judith Phyllis.
245 10 - TITLE STATEMENT
Title Union agreements in the canned fruit and vegetable industry.
Statement of responsibility, etc. Prepared by Industrial Relations Division, Florence Peterson, chief ...
260 ## - PUBLICATION, DISTRIBUTION, ETC.
Place of publication, distribution, etc. [Washington,
Name of publisher, distributor, etc. U.S. Govt. Print. Off.,
Date of publication, distribution, etc. 1944]
300 ## - PHYSICAL DESCRIPTION
Extent iv, 24 p.
Other physical details incl. tables.
Dimensions 23 cm.
410 10 - SERIES STATEMENT/ADDED ENTRY--CORPORATE NAME [OBSOLETE, CAN/MARC], [LOCAL, USA]
Corporate name or jurisdiction name as entry element United States.
Subordinate unit Bureau of Labor Statistics.
Title of a work Bulletin
Volume number/sequential designation no. 794
500 ## - GENERAL NOTE
General note At head of title: United States Dept. of Labor, Francis Perkins, secretary. Bureau of Labor Statistics, Isador Labin, commissioner (on leave) A. F. Hinrichs, acting commissioner.
500 ## - GENERAL NOTE
General note "Prepared by Judith P. Zander."--Letter of transmittal.
650 #0 - SUBJECT ADDED ENTRY--TOPICAL TERM
Topical term or geographic name entry element Labor contract
Geographic subdivision United States.

No items available.

Powered by Koha